| 000 | 00601nam a2200145 i 4500 | ||
|---|---|---|---|
| 001 | 84817 | ||
| 003 | ES-MaACL | ||
| 007 | t| | ||
| 008 | 041124s1983 sp ||||1| spa d | ||
| 111 | 2 |
_aJornadas Conmemorativas del VII Centenario de la Muerte de Alfonso X El Sabio ( _d1983. _cCádiz) _9776 |
|
| 245 | 1 | 0 |
_aCádiz en el siglo XIII _b: actas de las jornadas conmemorativas del VII Centenario de la muerte de Alfonso X El Sabio, Cádiz, 1983. |
| 260 |
_aCádiz : _bUniversidad de Cádiz, Servicio de Publicaciones, _c1983. |
||
| 300 |
_a207 p. : _bil. ; _c24 cm. |
||
| 852 |
_aES-MaACL _jL-6277 _bR.106796 |
||
| 999 |
_c84817 _d84817 |
||